[Event "San Francisco Pafnutieff Memorial g/45"]
[Site "San Francisco"]
[Date "2005.08.06"]
[Round "2"]
[White "Aigner, Michael"]
[Black "Goodkind, Lauren"]
[Result "1-0"]
[WhiteElo "2285"]
[BlackElo "1786"]
[PlyCount "87"]
[EventDate "2005.08.06"]
[EventType "swiss (rapid)"]
[EventRounds "5"]
[EventCountry "USA"]
[SourceTitle "EXT 2007"]
[Source "ChessBase"]
[SourceDate "2006.11.23"]
[SourceVersion "1"]
[SourceVersionDate "2006.11.23"]
[SourceQuality "1"]

1. e4 e5 2. Nf3 Nc6 3. d4 exd4 4. Nxd4 Bc5 5. Be3 Bb6 6. Nc3 Nf6 7. f3 d6 8. Bc4 Qe7 9. Qd2 Nxd4 10. Bxd4 Be6 11. Bxe6 fxe6 12. Bxb6 axb6 13. 0-0 0-0 14. a3 Rad8 15. Qe3 Rd7 16. Rad1 Rfd8 17. Rfe1 Qf7 18. e5 dxe5 19. Rxd7 Rxd7 20. Qxe5 Nd5 21. Ne4 Qf5 22. Ng5 Qxe5 23. Rxe5 Nf4 24. g3 h6 25. Ne4 Nh3+ 26. Kg2 Ng5 27. Nxg5 hxg5 28. Re2 Kf7 29. Kf2 Kf6 30. Ke1 Kf5 31. Rd2 Rxd2 32. Kxd2 g4 33. Ke3 c6 34. a4 g5 35. fxg4+ Kxg4 36. h4 gxh4 37. gxh4 Kxh4 38. Kf4 e5+ 39. Kxe5 Kg4 40. Ke6 Kf4 41. Kd6 Ke3 42. Kc7 Ke4 43. Kxb7 Kd4 44. Kxb6 1-0